|
|
|
|
| LEADER |
00000nab a2200000 a 4500 |
| 001 |
vtls000661707 |
| 003 |
SK-MaSNL |
| 005 |
20260304101413.0 |
| 008 |
250426c1998 xo 0 slo |
| 015 |
|
|
|a SNBRB1998/05-13929
|
| 035 |
|
|
|a CLN000013896
|
| 035 |
|
|
|a urn:nbn:sk:snk-ab72vp
|
| 035 |
|
|
|a (uuid)90c95c77-2965-4b6c-b2cc-ae8422a8968e
|
| 035 |
|
|
|a (urnnbn)urn:nbn:sk:snk:ar-a06qz3
|
| 035 |
|
|
|a (sysno)vtls000661707
|
| 040 |
|
|
|a SNKBUCL
|b slo
|c SNKBUCL
|e AACR2
|
| 041 |
0 |
|
|a slo
|
| 044 |
|
|
|a xo
|c SK
|
| 080 |
|
|
|a 347.7:347.95
|2 1997
|
| 245 |
0 |
0 |
|a Vecná príslušnosť súdov
|c Eva Babiaková ... [et al.]
|
| 650 |
0 |
7 |
|a právo obchodné
|x súdy
|x príslušnosť vecná
|x rozhodnutia súdne
|2 snkbucl
|9 1396759
|
| 650 |
0 |
7 |
|a súdy
|x príslušnosť vecná
|x rozhodnutia súdne
|2 snkbucl
|9 1396760
|
| 650 |
0 |
7 |
|a príslušnosť súdov vecná
|x rozhodnutia súdne
|2 snkbucl
|9 1396761
|
| 655 |
|
7 |
|a články z novín a časopisov
|2 snkbucl
|9 267496
|
| 700 |
1 |
|
|a Babiaková, Eva
|4 aut
|9 337856
|
| 700 |
1 |
|
|a Ľalík, Milan,
|d 1953-
|4 aut
|9 248683
|
| 700 |
1 |
|
|a Sučanská, Daniela
|4 aut
|9 534586
|
| 700 |
1 |
|
|a Minárik, Štefan
|4 aut
|9 278173
|
| 700 |
1 |
|
|a Ďurišová, Zuzana
|4 aut
|9 279539
|
| 773 |
0 |
|
|t Zo súdnej praxe
|g Roč. 3, č. 3 (1998), s. 57-58
|x 1335-177X
|
| 850 |
|
|
|a Slovenská národná knižnica
|
| 852 |
|
|
|a Slovenská národná knižnica
|
| 954 |
|
|
|a odborná, vedecká literatúra pôvodná (slovenská)
|2 lita
|
| 958 |
|
|
|a article27
|
| 958 |
|
|
|a SK
|
| 958 |
|
|
|a OND
|
| 958 |
|
|
|a EUIPO
|
| 992 |
|
|
|a RBX
|
| 999 |
|
|
|c 2841713
|d 2843643
|